000 00440nam a22001697a 4500
005 20250605162311.0
008 250605b |||||||| |||| 00| 0 eng d
020 _a978-0-19-874937-0
050 _aQM 34.2.K67.2017 V.2
100 _aKOSHI RACHEL
245 _aCUNNINGGHAMS MANUAL OF PRACTICAL ANATOMY
260 _aINDIA
_bOXFORD PRESS
300 _a1X,328P.
500 _aINCLUDES AN INDEX
650 _aANATOMY
942 _2lcc
_cBK
999 _c215607
_d215607